[Event "Women's Speed Chess Main"]
[Site "chess.com INT"]
[Date "2021.06.20"]
[Round "1.31"]
[White "Mammadova, Gulnar"]
[Black "Hou, Yifan"]
[Result "1/2-1/2"]
[WhiteTitle "IM"]
[BlackTitle "GM"]
[WhiteElo "2382"]
[BlackElo "2658"]
[WhiteFideId "13403508"]
[BlackFideId "8602980"]
[EventDate "2021.06.12"]

1. e4 c5 2. Nf3 e6 3. b3 Nc6 4. c4 d6 5. Nc3 Nf6 6. Bb2 e5 7. d3 Bg4 8. Be2 g6
9. O-O Bg7 10. h3 Bxf3 11. Bxf3 Nd4 12. Nd5 Nxd5 13. cxd5 O-O 14. Bxd4 exd4 15.
Qd2 a5 16. a4 Qb6 17. Rab1 Qb4 18. Qxb4 axb4 19. Ra1 Bf6 20. Ra2 Ra5 21. Bd1
Rfa8 22. f4 b5 23. g4 g5 24. h4 gxf4 25. g5 Be5 26. Kf2 bxa4 27. bxa4 Kf8 28.
Bb3 Ke7 29. Kf3 h6 30. gxh6 Rh8 31. Rg2 Rxh6 32. Rg4 Ra8 33. Rh1 Rh5 34. Rg2 Bf6
35. Rg4 Be5 36. Rg2 Rah8 37. Rg4 Ra8 1/2-1/2

[Event "Women's Speed Chess Main"]
[Site "chess.com INT"]
[Date "2021.06.20"]
[Round "1.32"]
[White "Hou, Yifan"]
[Black "Mammadova, Gulnar"]
[Result "1-0"]
[WhiteTitle "GM"]
[BlackTitle "IM"]
[WhiteElo "2658"]
[BlackElo "2382"]
[WhiteFideId "8602980"]
[BlackFideId "13403508"]
[EventDate "2021.06.12"]

1. Nf3 g6 2. g3 Bg7 3. Bg2 d6 4. O-O e5 5. d4 e4 6. Nfd2 f5 7. c4 Nf6 8. Nc3 O-O
9. f3 exf3 10. Nxf3 Nc6 11. d5 Ne5 12. Nxe5 dxe5 13. e4 Qe7 14. Be3 Ng4 15. Qd2
Bd7 16. Kh1 Nxe3 17. Qxe3 fxe4 18. Nxe4 Rxf1+ 19. Rxf1 b6 20. d6 cxd6 21. Nf6+
Bxf6 22. Bxa8 Kg7 23. Bd5 Bh3 24. Bg2 Be6 25. b3 h5 26. Qd3 h4 27. Bd5 Bh3 28.
Bg2 Be6 29. Be4 Bh3 30. Rf2 g5 31. gxh4 g4 32. h5 Bh4 33. Rf5 g3 34. hxg3 Bxf5
35. Bxf5 Bg5 36. Qe4 Qc7 37. Kg2 Qc5 38. Qb7+ Kf6 39. Bg6 e4 40. Qf7+ Ke5 41.
Qf5+ Kd4 42. Qxe4+ Kc3 43. Qc2+ Kb4 44. Qb2 Qc6+ 45. Kh2 Qf3 46. a3+ Ka5 47. b4+
Ka6 48. b5+ Kb7 49. Qg2 Qxg2+ 50. Kxg2 Kc7 51. Kf3 d5 52. cxd5 Kd6 53. Be4 Bh6
54. Kg4 Ke5 55. Bf3 Bc1 56. a4 Bh6 57. Kh4 Kf6 58. g4 Bg5+ 59. Kg3 Ke5 60. Kf2
Kd6 61. Ke2 Ke5 62. Kd3 Bf4 63. d6 Kxd6 64. Ke4 Bc1 65. Kf5 Ke7 66. Kg6 Kf8 67.
g5 Bb2 68. h6 Kg8 69. Bd5+ Kh8 70. Kf7 Bc1 71. Kf6 Bb2+ 72. Kf5 Bc1 73. Be4 Bd2
74. Kg6 Bc1 75. Kh5 Bb2 76. g6 Bc3 77. g7+ Bxg7 78. hxg7+ Kxg7 79. Kg5 Kf7 80.
Kf5 Ke7 81. Ke5 Kd7 82. Kd5 Kc7 83. Ke6 a5 84. bxa6 Kb8 85. Kd7 Ka7 86. Bb7 b5
87. axb5 Kb8 88. Bc6 Ka7 89. Kd6 Kb8 90. Kc5 Ka7 91. Kd6 Kb8 92. Kc5 Ka7 93. Bd5
Kb8 94. b6 Kc8 95. a7 Kd7 96. a8=Q 1-0

[Event "Women's Speed Chess Main"]
[Site "chess.com INT"]
[Date "2021.06.20"]
[Round "1.33"]
[White "Mammadova, Gulnar"]
[Black "Hou, Yifan"]
[Result "1/2-1/2"]
[WhiteTitle "IM"]
[BlackTitle "GM"]
[WhiteElo "2382"]
[BlackElo "2658"]
[WhiteFideId "13403508"]
[BlackFideId "8602980"]
[EventDate "2021.06.12"]

1. e4 c5 2. Nf3 d6 3. Bb5+ Bd7 4. c4 g6 5. Nc3 Bg7 6. d4 cxd4 7. Nxd4 Nf6 8. h3
O-O 9. Be3 Nc6 10. O-O Rc8 11. Bxc6 Bxc6 12. Qd3 Nd7 13. Nxc6 Rxc6 14. b3 Nc5
15. Bxc5 dxc5 16. Qg3 e6 17. e5 Qb8 18. Rfe1 f5 19. f4 Rd8 20. Rad1 Rc7 21. Qf3
Rcd7 22. Rxd7 Rxd7 23. Rd1 Qd8 24. Rxd7 Qxd7 25. Kf1 Kf7 26. Nb5 Bf8 27. Nxa7 g5
28. g3 gxf4 29. gxf4 Bh6 30. Nb5 Qc6 31. Nd6+ Ke7 32. Qh5 Qh1+ 33. Ke2 Qh2+ 34.
Kd1 Qg1+ 35. Kc2 Qf2+ 36. Kb1 Qe1+ 37. Kc2 Qf2+ 38. Kb1 Qe1+ 39. Kc2 Qf2+ 1/2-1/2

[Event "Women's Speed Chess Main"]
[Site "chess.com INT"]
[Date "2021.06.20"]
[Round "1.34"]
[White "Hou, Yifan"]
[Black "Mammadova, Gulnar"]
[Result "0-1"]
[WhiteTitle "GM"]
[BlackTitle "IM"]
[WhiteElo "2658"]
[BlackElo "2382"]
[WhiteFideId "8602980"]
[BlackFideId "13403508"]
[EventDate "2021.06.12"]

1. Nf3 g6 2. g3 d6 3. Bg2 Bg7 4. d4 Nd7 5. O-O e5 6. c4 Ne7 7. Nc3 O-O 8. dxe5
dxe5 9. Bg5 f6 10. Bd2 Nc6 11. Nd5 Nc5 12. b4 Ne6 13. b5 Ncd4 14. Nxd4 exd4 15.
Bb4 Re8 16. e3 dxe3 17. Ne7+ Kf7 18. Qxd8 Nxd8 19. Nxc8 Rxc8 20. Bd5+ Ne6 21.
Bxb7 Rb8 22. Bc6 exf2+ 23. Rxf2 Red8 24. Re1 f5 25. Bd5 Rxd5 26. cxd5 Ng5 27.
Re7+ Kg8 28. a4 Nh3+ 29. Kg2 Nxf2 30. Kxf2 Bf8 31. d6 Bxe7 32. dxe7 Kf7 33. Bc5
Ra8 34. Ke3 a6 35. Kd4 axb5 36. axb5 Ra2 37. h4 Rd2+ 38. Kc4 Rd1 39. Bb4 Ke8 40.
Kc5 Kd7 41. Kc4 Rc1+ 42. Kd3 Rb1 43. Kc4 Rg1 44. Ba5 Rxg3 45. Bxc7 Rg4+ 46. Kc5
Rg1 47. b6 Rb1 48. Kd5 Kxe7 49. Bd6+ Kd7 50. Bc5 Rd1+ 51. Bd4 Rb1 52. Ke5 Ke7
53. Bc5+ Kf7 54. Kd6 h6 55. Kc7 g5 56. hxg5 hxg5 57. b7 Rxb7+ 58. Kxb7 Ke6 59.
Kc6 Ke5 60. Be7 g4 61. Kc5 Ke4 62. Kc4 f4 63. Kc3 Ke3 64. Bc5+ Ke2 65. Kd4 f3
66. Ke4 g3 67. Kf4 f2 68. Bxf2 gxf2 0-1

[Event "Women's Speed Chess Main"]
[Site "chess.com INT"]
[Date "2021.06.20"]
[Round "1.35"]
[White "Mammadova, Gulnar"]
[Black "Hou, Yifan"]
[Result "1-0"]
[WhiteTitle "IM"]
[BlackTitle "GM"]
[WhiteElo "2382"]
[BlackElo "2658"]
[WhiteFideId "13403508"]
[BlackFideId "8602980"]
[EventDate "2021.06.12"]

1. e4 c5 2. Nf3 Nc6 3. Bb5 g6 4. Bxc6 dxc6 5. O-O Bg7 6. h3 c4 7. Nc3 Nf6 8. d4
cxd3 9. cxd3 O-O 10. d4 b5 11. a3 Be6 12. Re1 Qc7 13. Bg5 Rfd8 14. Rc1 h6 15.
Bxf6 Bxf6 16. d5 cxd5 17. Nxd5 Qb7 18. Nxf6+ exf6 19. Qe2 Kg7 20. Rc5 a6 21.
Rec1 Rd7 22. h4 Rad8 23. e5 f5 24. Kh2 Bd5 25. R5c3 Be4 26. Qe3 Rd3 27. Rxd3
Rxd3 28. Qe2 Qd5 29. Rc3 Rxc3 30. bxc3 Qb3 31. Qe3 Qxa3 32. e6 f6 33. Qa7+ Kh8
34. Qb8+ Kg7 35. Qc7+ Kh8 36. e7 1-0

[Event "Women's Speed Chess Main"]
[Site "chess.com INT"]
[Date "2021.06.20"]
[Round "1.36"]
[White "Hou, Yifan"]
[Black "Mammadova, Gulnar"]
[Result "1-0"]
[WhiteTitle "GM"]
[BlackTitle "IM"]
[WhiteElo "2658"]
[BlackElo "2382"]
[WhiteFideId "8602980"]
[BlackFideId "13403508"]
[EventDate "2021.06.12"]

1. Nf3 g6 2. g3 Bg7 3. Bg2 d6 4. d4 Nd7 5. O-O e5 6. c4 Ne7 7. Nc3 O-O 8. dxe5
Nxe5 9. Nxe5 Bxe5 10. Qd3 Bg7 11. Bg5 h6 12. Bd2 Nc6 13. b3 Bf5 14. e4 Be6 15.
Rad1 Qd7 16. Nd5 f5 17. exf5 Bxf5 18. Qe2 Rae8 19. Be3 Bg4 20. f3 Bh3 21. Bxh3
Qxh3 22. Qg2 Qd7 23. f4 Ne7 24. Bd4 Nf5 25. Bxg7 Qxg7 26. Qd2 c6 27. Nc3 h5 28.
Rfe1 Qf7 29. Ne4 d5 30. Ng5 Qd7 31. cxd5 cxd5 32. Rxe8 Rxe8 33. Qxd5+ Qxd5 34.
Rxd5 Re2 35. Rd7 Rxa2 36. Rxb7 Ne3 37. Ne4 Ng4 38. h3 Ne3 39. Nf6+ Kf8 40. b4
Rg2+ 41. Kh1 Rxg3 42. Rxa7 Rxh3+ 43. Kg1 Rg3+ 44. Kf2 Nf5 45. b5 Rb3 46. b6 Ne7
47. b7 Kf7 48. Nd7 Nc6 49. Ne5+ Nxe5 50. b8=Q+ Ke6 51. Qxb3+ Kf5 52. fxe5 h4 1-0

[Event "Women's Speed Chess Main"]
[Site "chess.com INT"]
[Date "2021.06.20"]
[Round "1.37"]
[White "Mammadova, Gulnar"]
[Black "Hou, Yifan"]
[Result "1-0"]
[WhiteTitle "IM"]
[BlackTitle "GM"]
[WhiteElo "2382"]
[BlackElo "2658"]
[WhiteFideId "13403508"]
[BlackFideId "8602980"]
[EventDate "2021.06.12"]

1. e4 c6 2. d4 d5 3. e5 Bf5 4. Nd2 e6 5. Nb3 Nd7 6. Nf3 h6 7. c3 Ne7 8. Be2 Bh7
9. O-O Ng6 10. Be3 Be7 11. g3 O-O 12. h4 f5 13. h5 Nh8 14. Bf4 Nf7 15. Kg2 Ng5
16. Nh4 Ne4 17. Ng6 Bxg6 18. hxg6 Qe8 19. Bh5 a5 20. a4 c5 21. dxc5 Ndxc5 22.
Nd4 Ra6 23. f3 Ng5 24. Qe2 Rb6 25. Nb5 Nxa4 26. Rxa4 Rxb5 27. Rfa1 Bd8 28. c4
dxc4 29. Rxc4 Qd7 30. Rc2 Rd5 31. Rac1 Bb6 32. Bxg5 hxg5 33. f4 gxf4 34. gxf4
Rd8 35. Bf3 Rd4 36. Kg3 Kf8 37. Qh2 Rxf4 38. Qh8+ Ke7 39. Qxg7+ Ke8 40. Qg8+ 1-0

[Event "Women's Speed Chess Main"]
[Site "chess.com INT"]
[Date "2021.06.24"]
[Round "2.11"]
[White "Dzagnidze, Nana"]
[Black "Lagno, Kateryna"]
[Result "0-1"]
[WhiteTitle "GM"]
[BlackTitle "GM"]
[WhiteElo "2524"]
[BlackElo "2558"]
[WhiteFideId "13601903"]
[BlackFideId "14109336"]
[EventDate "2021.06.12"]

1. d4 Nf6 2. c4 g6 3. Nc3 d5 4. cxd5 Nxd5 5. e4 Nxc3 6. bxc3 Bg7 7. Qa4+ Nd7 8.
Nf3 O-O 9. Qa3 c5 10. Be2 b6 11. Be3 cxd4 12. cxd4 Bb7 13. Nd2 Nc5 14. e5 Ne6
15. Nf3 Bxf3 16. Bxf3 Nxd4 17. Bxd4 Qxd4 18. O-O Rad8 19. Qxa7 Bxe5 20. Rad1 Qf4
21. Qxe7 Qxh2# 0-1

[Event "Women's Speed Chess Main"]
[Site "chess.com INT"]
[Date "2021.06.24"]
[Round "2.12"]
[White "Lagno, Kateryna"]
[Black "Dzagnidze, Nana"]
[Result "1-0"]
[WhiteTitle "GM"]
[BlackTitle "GM"]
[WhiteElo "2558"]
[BlackElo "2524"]
[WhiteFideId "14109336"]
[BlackFideId "13601903"]
[EventDate "2021.06.12"]

1. e4 c5 2. Nf3 Nc6 3. d4 cxd4 4. Nxd4 Nf6 5. Nc3 e6 6. Ndb5 d6 7. Bf4 e5 8. Bg5
a6 9. Na3 Be6 10. Bxf6 Qxf6 11. Nc4 Qd8 12. Ne3 g6 13. Ncd5 Bh6 14. h4 O-O 15.
h5 Kg7 16. c3 Rc8 17. Be2 f5 18. hxg6 hxg6 19. exf5 gxf5 20. Bd3 e4 21. Bc2 Rh8
22. Rg1 Ne5 23. f4 Qh4+ 24. g3 Qh2 25. Rg2 Qh1+ 26. Kf2 Qxd1 27. Rxd1 Nc4 28. g4
Nxe3 29. Nxe3 fxg4 30. f5 Bxe3+ 31. Kxe3 Bxf5 32. Kf4 Rcf8 33. Bxe4 Bc8+ 34. Ke3
Rh3+ 35. Kd4 Rf4 36. Re1 Kf6 37. c4 g3 38. Ke3 Rhh4 39. Bd3 Rfg4 40. Rf1+ Ke5
41. Rf3 Rh3 42. Rf8 Be6 43. Re8 Rg5 44. Rf8 Rh2 45. Be4 Rxg2 46. Bxg2 Rh5 47.
Re8 Rh6 48. Bxb7 Rg6 49. Bg2 Kf6 50. b3 Bd7 51. Rf8+ Ke7 52. Rf1 Re6+ 53. Kf4
Rg6 54. Rg1 Be6 55. Be4 Rf6+ 56. Kxg3 Kd7 57. Re1 Kc7 58. Bf3 Bd7 59. Kf2 Rh6
60. Kg2 Rg6+ 61. Kf2 a5 62. Re3 Rh6 63. Bg2 Rf6+ 64. Rf3 Rh6 65. Rg3 Rh4 66. Bd5
a4 67. bxa4 Bxa4 68. Ke3 Kb6 69. Kd3 Kc5 70. Rg7 Rh3+ 71. Kd2 Rh2+ 72. Kc3 Rh3+
73. Kb2 Kd4 74. Rg4+ Kc5 75. Rg5 Kd4 76. Rg4+ Kc5 77. Rg2 Bc6 78. Bxc6 Kxc6 79.
Rg5 Rf3 80. Rd5 1-0

[Event "Women's Speed Chess Main"]
[Site "chess.com INT"]
[Date "2021.06.24"]
[Round "2.13"]
[White "Dzagnidze, Nana"]
[Black "Lagno, Kateryna"]
[Result "1/2-1/2"]
[WhiteTitle "GM"]
[BlackTitle "GM"]
[WhiteElo "2524"]
[BlackElo "2558"]
[WhiteFideId "13601903"]
[BlackFideId "14109336"]
[EventDate "2021.06.12"]

1. d4 Nf6 2. c4 g6 3. Nc3 d5 4. cxd5 Nxd5 5. e4 Nxc3 6. bxc3 Bg7 7. Qa4+ Nd7 8.
Nf3 O-O 9. Qa3 c5 10. Bd3 b6 11. Be3 cxd4 12. cxd4 Nc5 13. O-O Nxd3 14. Qxd3 Bb7
15. Rad1 e6 16. Rfe1 Rc8 17. h4 h5 18. Bf4 Qd7 19. Be5 Qa4 20. Bxg7 Kxg7 21. d5
exd5 22. exd5 Rfd8 23. d6 Qg4 24. Re7 Bxf3 25. Qxf3 Qxf3 26. gxf3 Rc6 27. Rxa7
Rcxd6 28. Rxd6 Rxd6 29. Rb7 Rd4 30. Rxb6 Rxh4 31. Ra6 Rd4 32. Kg2 g5 33. Kg3 f6
34. a4 Kg6 35. a5 Ra4 36. Kg2 Kf5 37. Kg3 Ra3 38. Kg2 h4 39. Ra8 Kf4 40. a6 h3+
41. Kxh3 Kxf3 42. a7 g4+ 43. Kh4 Kf4 44. Kh5 f5 45. Kg6 Ra6+ 46. Kh5 Ra5 47. Kg6
Kf3 48. Rf8 Rxa7 49. Rxf5+ Kg2 50. Kg5 Ra2 51. Kxg4 Rxf2 52. Rxf2+ Kxf2 1/2-1/2

[Event "Women's Speed Chess Main"]
[Site "chess.com INT"]
[Date "2021.06.24"]
[Round "2.14"]
[White "Lagno, Kateryna"]
[Black "Dzagnidze, Nana"]
[Result "1/2-1/2"]
[WhiteTitle "GM"]
[BlackTitle "GM"]
[WhiteElo "2558"]
[BlackElo "2524"]
[WhiteFideId "14109336"]
[BlackFideId "13601903"]
[EventDate "2021.06.12"]

1. e4 c5 2. Nf3 Nc6 3. d4 cxd4 4. Nxd4 Nf6 5. Nc3 e6 6. Ndb5 d6 7. Bf4 e5 8. Bg5
a6 9. Na3 Be6 10. Bxf6 Qxf6 11. Nc4 Qd8 12. Ne3 g6 13. Ncd5 Bh6 14. h4 O-O 15.
h5 Kg7 16. Bd3 Ne7 17. Nxe7 Qxe7 18. Ng4 Bg5 19. Qe2 f5 20. Ne3 fxe4 21. Bxe4
Rf4 22. Nd5 Bxd5 23. Bxd5 e4 24. hxg6 hxg6 25. g3 Rf5 26. c4 Raf8 27. Rh2 Re5
28. Qg4 b5 29. Ke2 Qf6 30. Rah1 Qf3+ 31. Qxf3 exf3+ 32. Kd3 bxc4+ 33. Kxc4 Rc8+
34. Kd4 Re7 35. Rh7+ Kf6 36. Rxe7 Kxe7 37. Rh7+ Kd8 38. Bxf3 Rc2 39. Bg4 Rxf2
40. Rd7+ Ke8 41. Rxd6 Rd2+ 42. Ke5 Rxd6 43. Kxd6 a5 44. Ke6 Kf8 45. Be2 Kg7 46.
Kd5 Bd2 47. Kc5 Kf6 48. a3 Ke7 49. Bd3 g5 50. Bf5 Kd8 51. Kc6 Be1 52. Be6 Bxg3
53. b4 axb4 54. axb4 Bf2 55. b5 Be3 56. b6 Bxb6 57. Kxb6 Ke7 58. Bg4 Kf6 59. Bc8
Ke5 60. Kc6 Kf4 61. Kd5 g4 62. Bxg4 1/2-1/2

[Event "Women's Speed Chess Main"]
[Site "chess.com INT"]
[Date "2021.06.24"]
[Round "2.15"]
[White "Dzagnidze, Nana"]
[Black "Lagno, Kateryna"]
[Result "0-1"]
[WhiteTitle "GM"]
[BlackTitle "GM"]
[WhiteElo "2524"]
[BlackElo "2558"]
[WhiteFideId "13601903"]
[BlackFideId "14109336"]
[EventDate "2021.06.12"]

1. Nf3 Nf6 2. c4 g6 3. b3 Bg7 4. Bb2 d6 5. d4 O-O 6. g3 e5 7. dxe5 dxe5 8. Qxd8
Rxd8 9. Nxe5 Na6 10. Nc3 Nb4 11. Rc1 Bf5 12. Bg2 Re8 13. f4 Ng4 14. Bxb7 Rab8
15. Bf3 Nxe5 16. fxe5 Bh6 17. Rd1 Bh3 18. Kf2 f5 19. Nd5 Nxa2 20. Nf6+ Kf8 21.
Nxe8 Rxe8 22. Rd7 Nb4 23. Bd5 c6 24. Rf7+ Kg8 25. Re7+ Kf8 26. Rxe8+ Kxe8 27.
Bf3 Nc2 28. Bc1 Bf8 29. Bf4 h6 30. Bxc6+ Kf7 31. Rd1 Bc5+ 32. e3 g5 33. Rd5 gxf4
34. gxf4 Bxe3+ 35. Kg3 Bf1 36. Rd7+ Kg6 37. Rd6+ Kg7 38. e6 Bc5 39. Rd7+ Kf6 40.
Bd5 Be7 41. Rxa7 Nb4 42. Ra8 Bd3 43. Rb8 Bc2 44. Rb7 Bxb3 45. Rb5 Bc2 46. Kf3
Bd3 47. Ke3 Nxd5+ 48. Rxd5 Bxc4 49. Ra5 Bxe6 50. Ra6 Bc5+ 51. Kf3 h5 52. h3 Bb4
53. Rc6 h4 54. Rb6 Be1 55. Rc6 Bg3 56. Ra6 Ke7 57. Ra7+ Kd6 58. Ra6+ Kd5 59.
Ra5+ Kd4 60. Ra4+ Bc4 61. Ra5 Bd3 62. Ra4+ Kc3 63. Ra3+ Kc2 64. Ra2+ Kb3 65. Ra5
Be4+ 66. Ke3 Kb4 67. Ra7 Bg2 68. Rh7 Bxh3 69. Kd4 Bg2 70. Ke5 Be4 71. Rh6 Kc3
72. Rh8 Kd3 73. Rh6 Ke3 74. Kf6 Kxf4 0-1

[Event "Women's Speed Chess Main"]
[Site "chess.com INT"]
[Date "2021.06.24"]
[Round "2.16"]
[White "Lagno, Kateryna"]
[Black "Dzagnidze, Nana"]
[Result "1/2-1/2"]
[WhiteTitle "GM"]
[BlackTitle "GM"]
[WhiteElo "2558"]
[BlackElo "2524"]
[WhiteFideId "14109336"]
[BlackFideId "13601903"]
[EventDate "2021.06.12"]

1. e4 c5 2. Nf3 d6 3. Bb5+ Nd7 4. Ba4 Nf6 5. O-O a6 6. c3 b5 7. Bc2 c4 8. a4 Bb7
9. d3 cxd3 10. Bxd3 bxa4 11. Qxa4 Qc7 12. Re1 e6 13. Bf4 e5 14. Bg5 Be7 15. b4
O-O 16. c4 a5 17. bxa5 Nc5 18. Qa3 Nfxe4 19. Bxe7 Qxe7 20. Bf1 Ra7 21. Nc3 Nxc3
22. Qxc3 Rfa8 23. Reb1 Bxf3 24. Qxf3 g6 25. Rb5 Qc7 26. Qc3 Nb7 27. Qb4 Nxa5 28.
Rd5 Nb7 29. Rb1 Nc5 30. g3 Rb7 31. Qe1 Rxb1 32. Qxb1 Rb8 33. Qd1 Rb6 34. h4 h5
35. Bh3 Ne4 36. Qd3 Nf6 37. Ra5 Rb2 38. Ra6 Qc5 39. Qf3 Ne4 40. Ra8+ Kg7 41. Rc8
Qxf2+ 42. Qxf2 Nxf2 43. Bd7 Rd2 44. Bc6 Ng4 45. Rd8 Kf6 46. c5 Ke7 47. Rd7+ Ke6
48. Ba4 Nf6 49. Rd8 Ke7 50. Rc8 dxc5 51. Rxc5 Rd4 52. Rxe5+ Kd6 53. Ra5 Ne4 54.
Bb3 f5 55. Ra6+ Ke7 56. Rxg6 Rd3 57. Bc4 Rxg3+ 58. Rxg3 Nxg3 59. Kf2 Ne4+ 60.
Ke3 Kf6 61. Be2 Kg6 62. Kf4 Nf6 63. Bb5 Nd5+ 64. Ke5 Ne3 65. Be8+ Kh6 66. Kf4
Ng2+ 67. Kxf5 Nxh4+ 68. Kf4 Ng6+ 69. Bxg6 Kxg6 70. Kg3 Kg5 71. Kh3 h4 72. Kh2
Kg4 73. Kg2 h3+ 74. Kh2 Kh4 75. Kh1 Kg3 76. Kg1 h2+ 77. Kh1 Kh3 1/2-1/2

[Event "Women's Speed Chess Main"]
[Site "chess.com INT"]
[Date "2021.06.24"]
[Round "2.17"]
[White "Dzagnidze, Nana"]
[Black "Lagno, Kateryna"]
[Result "0-1"]
[WhiteTitle "GM"]
[BlackTitle "GM"]
[WhiteElo "2524"]
[BlackElo "2558"]
[WhiteFideId "13601903"]
[BlackFideId "14109336"]
[EventDate "2021.06.12"]

1. Nf3 Nf6 2. c4 g6 3. b3 Bg7 4. Bb2 O-O 5. d4 d6 6. g3 e5 7. dxe5 dxe5 8. Qxd8
Rxd8 9. Nxe5 Na6 10. Nc3 Nb4 11. Rc1 Bf5 12. Bg2 Re8 13. f4 Ng4 14. Bxb7 Rab8
15. Bf3 Nxe5 16. fxe5 Bxe5 17. g4 Nd3+ 18. exd3 Bxc3+ 19. Kf2 Bxb2 20. gxf5 Bxc1
21. Rxc1 Rbd8 22. Be4 Re5 23. Rg1 Kf8 24. Rg3 Rd4 25. Rf3 Ke7 26. Ke3 c5 27. f6+
Kd6 28. h4 a5 29. Rf4 Re6 30. Kf3 Ke5 31. Rg4 Rxf6+ 32. Ke3 Rf1 33. Rg5+ f5 34.
a3 Re1+ 35. Kf2 Rb1 0-1

[Event "Women's Speed Chess Main"]
[Site "chess.com INT"]
[Date "2021.06.24"]
[Round "2.21"]
[White "Lagno, Kateryna"]
[Black "Dzagnidze, Nana"]
[Result "0-1"]
[WhiteTitle "GM"]
[BlackTitle "GM"]
[WhiteElo "2558"]
[BlackElo "2524"]
[WhiteFideId "14109336"]
[BlackFideId "13601903"]
[EventDate "2021.06.12"]

1. e4 c5 2. Nc3 Nc6 3. Nf3 e6 4. d4 cxd4 5. Nxd4 Nf6 6. Ndb5 d6 7. Bf4 e5 8. Bg5
a6 9. Na3 Be6 10. Bxf6 Qxf6 11. Nc4 Qd8 12. Nd5 g6 13. Ncb6 Rb8 14. Qd2 Bg7 15.
O-O-O O-O 16. Kb1 f5 17. f3 Kh8 18. Bc4 fxe4 19. fxe4 Qh4 20. Qd3 Rf2 21. g3 Qh3
22. Nc7 Bg4 23. Rd2 Rbf8 24. Rxf2 Rxf2 25. Qxd6 Rxh2 26. Rxh2 Qxh2 27. a3 Qh1+
28. Ka2 Qxe4 29. Ne6 h5 30. Qb8+ Nxb8 31. Ng5 Qd4 32. Nf7+ Kg8 33. Nxe5+ Kf8 34.
Nxg6+ Ke8 35. Bb3 Qxb6 0-1

[Event "Women's Speed Chess Main"]
[Site "chess.com INT"]
[Date "2021.06.24"]
[Round "2.22"]
[White "Dzagnidze, Nana"]
[Black "Lagno, Kateryna"]
[Result "0-1"]
[WhiteTitle "GM"]
[BlackTitle "GM"]
[WhiteElo "2524"]
[BlackElo "2558"]
[WhiteFideId "13601903"]
[BlackFideId "14109336"]
[EventDate "2021.06.12"]

1. c4 Nf6 2. Nf3 g6 3. g3 Bg7 4. Bg2 O-O 5. O-O d5 6. cxd5 Nxd5 7. Nc3 c5 8. d4
cxd4 9. Nxd4 Nxc3 10. bxc3 Nc6 11. Nxc6 bxc6 12. Ba3 Bxc3 13. Rc1 Bf6 14. Bxc6
Bh3 15. Bxa8 Qxa8 16. f3 Bxf1 17. Kxf1 Rc8 18. Qd7 Rd8 19. Qc7 Re8 20. Rc6 a5
21. Bc5 a4 22. a3 h5 23. Bb4 h4 24. g4 h3 25. f4 Bg7 26. f5 e6 27. fxg6 fxg6 28.
Qd7 Be5 29. Ke1 Bxh2 30. Rxe6 Bg3+ 31. Kd2 Rd8 0-1

[Event "Women's Speed Chess Main"]
[Site "chess.com INT"]
[Date "2021.06.24"]
[Round "2.23"]
[White "Lagno, Kateryna"]
[Black "Dzagnidze, Nana"]
[Result "1-0"]
[WhiteTitle "GM"]
[BlackTitle "GM"]
[WhiteElo "2558"]
[BlackElo "2524"]
[WhiteFideId "14109336"]
[BlackFideId "13601903"]
[EventDate "2021.06.12"]

1. e4 c5 2. Nc3 d6 3. f4 g6 4. Nf3 Bg7 5. Bb5+ Bd7 6. Bc4 Nc6 7. a4 e6 8. d3
Nge7 9. O-O O-O 10. Qe1 Nd4 11. Nxd4 cxd4 12. Ne2 d5 13. exd5 Nxd5 14. Qf2 Qb6
15. f5 Ne3 16. f6 Ng4 17. Qh4 Nxf6 18. Rxf6 Bxf6 19. Qxf6 e5 20. Bg5 Qxf6 21.
Bxf6 Rfe8 22. Ng3 Be6 23. b3 a6 24. Re1 Bxc4 25. bxc4 Re6 26. Ne4 h6 27. h4 Rc8
28. g4 b5 29. axb5 axb5 30. c5 Kf8 31. g5 h5 32. Ra1 Rb8 33. Ra7 1-0

[Event "Women's Speed Chess Main"]
[Site "chess.com INT"]
[Date "2021.06.24"]
[Round "2.24"]
[White "Dzagnidze, Nana"]
[Black "Lagno, Kateryna"]
[Result "0-1"]
[WhiteTitle "GM"]
[BlackTitle "GM"]
[WhiteElo "2524"]
[BlackElo "2558"]
[WhiteFideId "13601903"]
[BlackFideId "14109336"]
[EventDate "2021.06.12"]

1. e4 e5 2. Nf3 Nc6 3. Bc4 Bc5 4. c3 Nf6 5. d4 exd4 6. e5 d5 7. Bb5 Ne4 8. cxd4
Bb6 9. Nc3 Bg4 10. Be3 O-O 11. Qc2 Bf5 12. Qa4 Ne7 13. O-O c6 14. Be2 f6 15. Qb3
Ng6 16. Nxe4 Bxe4 17. Nd2 Bf5 18. f4 fxe5 19. fxe5 Qd7 20. a4 Rae8 21. a5 Bd8
22. Rf2 Bh4 23. g3 Be7 24. Raf1 Bh3 25. Rxf8+ Rxf8 26. Rxf8+ Nxf8 27. Bf1 Bxf1
28. Kxf1 Ne6 29. Nf3 Bd8 30. Bd2 c5 31. dxc5 Nxc5 32. Qe3 Ne6 33. Qd3 a6 34. Kg2
h6 35. Bc3 Qc6 36. Nd4 Nxd4 37. Qxd4 Qe6 38. Qc5 Kh7 39. Qd6 Qxd6 40. exd6 Kg6
41. Kf3 Kf7 42. Kf4 Ke6 43. Bxg7 h5 44. Bf8 Bf6 45. Be7 Bxb2 46. Kg5 d4 47. Kxh5
d3 48. Bg5 Bc3 49. Bf4 d2 50. Bxd2 Bxd2 51. Kg6 Bxa5 52. h4 Bc3 53. h5 a5 54. g4
a4 55. h6 a3 56. g5 a2 57. Kh7 a1=Q 58. g6 Kxd6 59. g7 Bxg7 60. hxg7 Qxg7+ 61.
Kxg7 b5 0-1

[Event "Women's Speed Chess Main"]
[Site "chess.com INT"]
[Date "2021.06.24"]
[Round "2.25"]
[White "Lagno, Kateryna"]
[Black "Dzagnidze, Nana"]
[Result "1-0"]
[WhiteTitle "GM"]
[BlackTitle "GM"]
[WhiteElo "2558"]
[BlackElo "2524"]
[WhiteFideId "14109336"]
[BlackFideId "13601903"]
[EventDate "2021.06.12"]

1. e4 e6 2. d4 d5 3. Nc3 Bb4 4. e5 c5 5. a3 Ba5 6. Bd2 cxd4 7. Nb5 Bc7 8. f4 Nc6
9. Nf3 Nge7 10. Bd3 Bd7 11. O-O a6 12. Nxc7+ Qxc7 13. Qe1 Nf5 14. Qf2 Qb6 15.
Rfe1 h6 16. c3 Rc8 17. g4 Nfe7 18. cxd4 Na5 19. Bb4 Bb5 20. Bxb5+ Qxb5 21. Rac1
Nac6 22. Bd6 O-O 23. f5 exf5 24. gxf5 Nxf5 25. Bxf8 Rxf8 26. Kh1 Nd8 27. Rc5 Qb3
28. Nd2 Qd3 29. Rxd5 Ne6 30. Nf3 Rc8 31. Qe2 Qb3 32. Qe4 g6 33. Rd7 Rc2 34. Qxb7
Qxb2 35. Qxb2 Rxb2 36. d5 Nf4 37. e6 Nd3 38. e7 1-0

[Event "Women's Speed Chess Main"]
[Site "chess.com INT"]
[Date "2021.06.24"]
[Round "2.26"]
[White "Dzagnidze, Nana"]
[Black "Lagno, Kateryna"]
[Result "1-0"]
[WhiteTitle "GM"]
[BlackTitle "GM"]
[WhiteElo "2524"]
[BlackElo "2558"]
[WhiteFideId "13601903"]
[BlackFideId "14109336"]
[EventDate "2021.06.12"]

1. d4 Nf6 2. Nf3 g6 3. g3 Bg7 4. Bg2 O-O 5. O-O d5 6. c4 dxc4 7. Na3 c5 8. Nxc4
Be6 9. Ne3 Na6 10. b3 Ng4 11. Bb2 Nxe3 12. fxe3 Bd5 13. Qd2 e6 14. Rac1 Rc8 15.
Rfd1 Qe7 16. Qd3 f5 17. Ba3 Nb4 18. Bxb4 cxb4 19. Ne1 a6 20. Qd2 h5 21. Nd3 a5
22. Nf4 Bxg2 23. Kxg2 Qf7 24. Rxc8 Rxc8 25. Rc1 Re8 26. h4 e5 27. dxe5 Bxe5 28.
Rc5 Bxf4 29. exf4 b6 30. Rd5 Qe6 31. Kf2 Qe7 32. Re5 Qf7 33. Rxe8+ Qxe8 34. Qd5+
Kh8 35. Qe5+ Qxe5 36. fxe5 Kg8 37. e4 Kf7 38. Ke3 Ke6 39. Kf4 b5 40. exf5+ gxf5
41. Kg5 Kxe5 42. Kxh5 a4 43. Kg5 axb3 44. axb3 Kd4 45. h5 Kc3 46. h6 Kxb3 47. h7
Ka2 48. h8=Q b3 49. Qa8+ Kb1 50. Qb7 b2 51. Qxb5 1-0